书目信息 |
| 题名: |
中国现当代舞剧发展史
|
|
| 作者: | 于平 著 | |
| 分册: | ||
| 出版信息: | 北京 人民音乐出版社 2004 |
|
| 页数: | 374页 | |
| 开本: | 21cm | |
| 丛书名: | ||
| 单 册: | ||
| 中图分类: | J709.2 | |
| 科图分类: | ||
| 主题词: | 舞剧史--中国--现代 , 舞剧史 | |
| 电子资源: | ||
| ISBN: | 7-103-02937-7 | |
| 000 | 00789nam0 2200229 450 | |
| 001 | 002777186 | |
| 005 | 20070806181324.59 | |
| 010 | @a7-103-02937-7@dCNY36.00 | |
| 100 | @a20041206d2004 em y0chiy0110 ea | |
| 101 | 0 | @achi |
| 102 | @aCN@b110000 | |
| 105 | @ay z 000yy | |
| 200 | 1 | @a中国现当代舞剧发展史@9zhong guo xian dang dai wu ju fa zhan shi@f于平著 |
| 210 | @a北京@c人民音乐出版社@d2004 | |
| 215 | @a374页@d21cm | |
| 330 | @a本书绪论为:中国现当代舞剧发展的历史研究;正文编为:从“五四”新文化运动到吴晓邦的“新舞剧”创作,“新舞剧”精神在新中国舞剧创作中的延续,戏曲传统与中国民族舞剧的初始建构等12章。 | |
| 606 | 0 | @a舞剧史@y中国@z现代 |
| 606 | 0 | @a舞剧史 |
| 690 | @aJ709.2@v4 | |
| 701 | 0 | @a于平@9yu ping@4著 |
| 801 | 0 | @aCN@bNLC@c20070806 |
| 905 | @a10447@dJ709.2@e101 | |
| 中国现当代舞剧发展史/于平著.-北京:人民音乐出版社,2004 |
| 374页;21cm |
| ISBN 7-103-02937-7:CNY36.00 |
| 本书绪论为:中国现当代舞剧发展的历史研究;正文编为:从“五四”新文化运动到吴晓邦的“新舞剧”创作,“新舞剧”精神在新中国舞剧创作中的延续,戏曲传统与中国民族舞剧的初始建构等12章。 |
| ● |
| 相关链接 |
|
|
|
|
正题名:中国现当代舞剧发展史
索取号:J709.2/101
 
预约/预借
| 序号 | 登录号 | 条形码 | 馆藏地/架位号 | 状态 | 备注 |
| 1 | 0804605 | 208046050 | 第一样本阅览室/ [索取号:J709.2/101] | 在馆 | |
| 2 | 0804606 | 208046069 | 第一借阅区/ [索取号:J709.2/101] | 在馆 | |
| 3 | 0804607 | 208046078 | 第一借阅区/ [索取号:J709.2/101] | 在馆 | |
| 4 | 0804608 | 208046087 | 第一借阅区/ [索取号:J709.2/101] | 在馆 | |
| 5 | 0804609 | 208046096 | 密集书库-音乐系/ [索取号:J709.2/101] | 在馆 |